Подробности
| 000 -МАРКЕР |
| контрольное поле |
01492nam0a22002891 4500 |
| 001 - ИДЕНТИФИКАТОР ЗАПИСИ |
| контрольное поле |
rc\4641565 |
| 005 - ИДЕНТИФИКАТОР ВЕРСИИ |
| контрольное поле |
20260407122913.0 |
| 021 ## - НОМЕР ГОСУДАРСТВЕННОЙ РЕГИСТРАЦИИ |
| Код страны |
Российская Федерация |
| Номер |
[57-14238] |
| 035 ## - ДРУГИЕ СИСТЕМНЫЕ НОМЕРА |
| Идентификатор записи |
(NLR Aleph) 008685706 |
| 100 ## - ДАННЫЕ ОБЩЕЙ ОБРАБОТКИ |
| Данные общей обработки |
20130416d1957 |||y0rusy50 ca |
| 101 0# - ЯЗЫК РЕСУРСА |
| Язык текста, звукозаписи и т.д. |
русский |
| 102 ## - СТРАНА ПУБЛИКАЦИИ ИЛИ ПРОИЗВОДСТВА |
| Страна публикации |
Российская Федерация |
| 105 ## - ПОЛЕ КОДИРОВАННЫХ ДАННЫХ: ТЕКСТОВЫЕ МАТЕРИАЛЫ, МОНОГРАФИЧЕСКИЕ |
| Кодированные данные о монографическом текстовом документе |
y z ||||| |
| 200 1# - ЗАГЛАВИЕ И СВЕДЕНИЯ ОБ ОТВЕТСТВЕННОСТИ |
| Основное заглавие |
Селекция сахарной свеклы на повышение сахаристости |
| Сведения, относящиеся к заглавию |
Труды пленума секции техн. культур 23-25 ноября 1954 г. |
| Первые сведения об ответственности |
[Под ред. академиков И.В. Якушкина, И.С. Варунцяна] |
| Последующие сведения об ответственности |
Всесоюз. ордена Ленина акад. с.-х. наук им. В.И. Ленина. Секция техн. культур |
| 210 ## - ПУБЛИКАЦИЯ, РАСПРОСТРАНЕНИЕ И ДР. |
| Место издания, распространения и т.д. |
Москва |
| Имя издателя, распространителя и т. д. |
Сельхозгиз |
| Дата издания, распространения и т.д. |
1957 |
| 215 ## - ФИЗИЧЕСКАЯ ХАРАКТЕРИСТИКА |
| Специфическое обозначение материала и объем |
278 с. |
| Размеры |
21 |
| 606 ## - НАИМЕНОВАНИЕ ТЕМЫ КАК ПРЕДМЕТ |
| Наименование темы |
Сахарная свекла |
| Тематический подзаголовок |
Селекция |
| Формальный подзаголовок |
Сборники |
| Код системы |
psbo |
| 606 ## - НАИМЕНОВАНИЕ ТЕМЫ КАК ПРЕДМЕТ |
| Наименование темы |
Сахарная свекла |
| Тематический подзаголовок |
Сахаристость |
| Формальный подзаголовок |
Сборники |
| Код системы |
psbo |
| 702 #1 - ИМЯ ЛИЦА - ВТОРИЧНАЯ ОТВЕТСТВЕННОСТЬ |
| Начальный элемент ввода |
Якушкин |
| Часть имени, кроме начального элемента ввода |
И.В. |
| Даты |
1885-1960 |
| Расширение инициалов личного имени |
Иван Вячеславович |
| Код отношения |
Составитель |
| 702 #1 - ИМЯ ЛИЦА - ВТОРИЧНАЯ ОТВЕТСТВЕННОСТЬ |
| Код отношения |
Редактор |
| Графика поля |
Кириллица |
| Материалы, к которым относится поле |
rus |
| Начальный элемент ввода |
Варунцян |
| Часть имени, кроме начального элемента ввода |
И. С. |
| Даты |
1898-1988 |
| Расширение инициалов личного имени |
Исай Сергеевич |
| Системный номер авторитетной/нормативной записи |
268719 |
| Идентификатор авторитетной/нормативной записи |
RU\NLR\AUTH\770268775 |
| 712 02 - НАИМЕНОВАНИЕ ОРГАНИЗАЦИИ - ВТОРИЧНАЯ ОТВЕТСТВЕННОСТЬ |
| Начальный элемент ввода |
ВАСХНИЛ |
| Структурное подразделение |
Секция техн. культур |
| -- |
Пленум |
| Дата проведения временной организации |
1954, ноябрь |
| Системный номер авторитетной/нормативной записи |
646208 |
| Идентификатор авторитетной/нормативной записи |
RU\NLR\AUTH\8810072087 |
| 801 #0 - ИСТОЧНИК ЗАПИСИ |
| Страна |
Российская Федерация |
| Организация |
NLR |
| Правила каталогизации |
psbo |
| 801 #1 - ИСТОЧНИК ЗАПИСИ |
| Страна |
Российская Федерация |
| Организация |
ELAR |
| Источник данных |
rusmarc |
| 852 ## - МЕСТОНАХОЖДЕНИЕ И ШИФР ХРАНЕНИЯ |
| Идентификатор организации |
NLR |
| Шифр хранения (Call Number) |
57-3/1280 |
| 942 ## - ДОПОЛНИТЕЛЬНЫЕ ЭЛЕМЕНТЫ ЗАПИСИ (АБИС) |
| Тип экземпляра АБИС |
Книга |
| 980 ## - КОЛЛЕКЦИЯ |
| Название коллекции |
Национальная библиография |